000 00931nam a2200253 a 4500
005 20200104041751.0
008 161024s2010 ko ao|||r|||| 00| 0 spa d
020 _a9788994555188
040 _aCO-BoIAVH
_cCO-BoIAVH
041 0 _aeng
044 _ako
082 0 4 _a333.9516
_bB61o
245 0 0 _aBiodiversity is our life
246 1 4 _aBiodiversity is our life :
_bThe Republic of Korea
260 _aIncheon, Corea del Sur :
_bNational Institute of Biological Resources,
_c2010.
300 _a95 páginas :
_bilustraciones a color y fotografías a color ;
_c28 x 22 cm.
500 _a2010 IYB Special Report.
650 2 6 _aBiodiversidad
_xpolítica
650 2 6 _aConservación de la diversidad biológica
_ypolítica
650 2 6 _aPolítica ambiental
650 2 6 _aEducación ambiental
710 2 _aNational Institute of Biological Resources
_c(Corea del Sur)
942 _2ddc
_cLIBRO
999 _c19099
_d19099